<?xml version="1.0" encoding="UTF-8"?>
<collection xmlns="http://www.loc.gov/MARC21/slim">
 <record>
  <leader>03289nam a2200349 a 4500</leader>
  <controlfield tag="001">1/44741</controlfield>
  <controlfield tag="008">140627s2004    ne            001 0 eng  </controlfield>
  <datafield tag="020" ind1=" " ind2=" ">
   <subfield code="a">0122374614 (print)</subfield>
  </datafield>
  <datafield tag="020" ind1=" " ind2=" ">
   <subfield code="a">9780122374616 (print)</subfield>
  </datafield>
  <datafield tag="020" ind1=" " ind2=" ">
   <subfield code="a">9780080470139 (electronic book)</subfield>
  </datafield>
  <datafield tag="020" ind1=" " ind2=" ">
   <subfield code="a">0080470130 (electronic book)</subfield>
  </datafield>
  <datafield tag="020" ind1=" " ind2=" ">
   <subfield code="a">8181475968</subfield>
  </datafield>
  <datafield tag="020" ind1=" " ind2=" ">
   <subfield code="a">9788181475961</subfield>
  </datafield>
  <datafield tag="035" ind1=" " ind2=" ">
   <subfield code="l">47695</subfield>
  </datafield>
  <datafield tag="040" ind1=" " ind2=" ">
   <subfield code="a">BUF</subfield>
   <subfield code="b">eng</subfield>
   <subfield code="c">BUF</subfield>
   <subfield code="d">KNOVL</subfield>
   <subfield code="d">YDXCP</subfield>
   <subfield code="d">KNOVL</subfield>
   <subfield code="d">OCLCQ</subfield>
   <subfield code="d">OPELS</subfield>
   <subfield code="d">VLB</subfield>
   <subfield code="d">E7B</subfield>
   <subfield code="d">ISOBC</subfield>
   <subfield code="d">EBLCP</subfield>
   <subfield code="d">OCLCQ</subfield>
   <subfield code="d">KNOVL</subfield>
   <subfield code="d">ZCU</subfield>
   <subfield code="d">OCLCF</subfield>
   <subfield code="d">KNOVL</subfield>
   <subfield code="d">GR-PeUP</subfield>
  </datafield>
  <datafield tag="100" ind1="1" ind2=" ">
   <subfield code="a">Ellis, George</subfield>
   <subfield code="q">(George H.)</subfield>
  </datafield>
  <datafield tag="245" ind1="1" ind2="0">
   <subfield code="a">Control system design guide</subfield>
   <subfield code="h">[electronic resource] :</subfield>
   <subfield code="b">a practical guide /</subfield>
   <subfield code="c">George Ellis.</subfield>
  </datafield>
  <datafield tag="250" ind1=" " ind2=" ">
   <subfield code="a">3rd ed.</subfield>
  </datafield>
  <datafield tag="260" ind1=" " ind2=" ">
   <subfield code="a">Amsterdam ;</subfield>
   <subfield code="a">Boston :</subfield>
   <subfield code="b">Elsevier Academic Press,</subfield>
   <subfield code="c">c2004.</subfield>
  </datafield>
  <datafield tag="300" ind1=" " ind2=" ">
   <subfield code="a">1 online resource (xxiv, 464 p.) :</subfield>
   <subfield code="b">ill. : digital, HTML and PDF files.</subfield>
  </datafield>
  <datafield tag="504" ind1=" " ind2=" ">
   <subfield code="a">Includes bibliographical references and index.</subfield>
  </datafield>
  <datafield tag="505" ind1="0" ind2=" ">
   <subfield code="a">Introduction to Controls; The Frequency Domain; Tuning a Control System; Delay in Digital Controllers; The z-Domain; Six Types of Controllers; Disturbance Response; Feed-Forward; Filters in Control Systems; Introduction to Observers in Control Systems; Introduction to Modeling; Nonlinear Behavior and Time Variation; Seven Steps to Developing a Model; Encoders and Resolvers; Basics of the Electric Servomotor and Drive; Compliance and Resonance; Position-Control Loops; Using the Luenberger Observer in Motion Control. Appendices: Active Analog Implementation of Controller Elements; European Symbols for Block Diagrams; The Runge-Kutta Method; Development of the Bilinear Transformation; The Parallel Form of Digital Algorithms; Basic Matrix Math.</subfield>
  </datafield>
  <datafield tag="520" ind1=" " ind2=" ">
   <subfield code="a">Control System Design Guide, 3E will help engineers to apply control theory to practical systems using their PC. This book provides an intuitive approach to controls, avoiding unnecessary mathematics and emphasizing key concepts with more than a dozen control system models. Whether readers are just starting to use controllers or have years of experience, this book will help them improve their machines and processes. * Teaches controls with an intuitive approach, avoiding unnecessary mathematics. * Key topics are demonstrated with realistic models of control systems. * All models written in Visual ModelQ, a full graphical simulation environment available freely via the internet. * New material on OBSERVERS explained using practical applications. * Explains how to model machines and processes, including how to measure working equipment; describes many nonlinear behaviours seen in industrial control systems. * Electronic motion control, including details of how motors and motor feedback devices work, causes and cures of mechanical resonance, and how position loops work.</subfield>
  </datafield>
  <datafield tag="650" ind1=" " ind2="4">
   <subfield code="a">Automatic control.</subfield>
  </datafield>
  <datafield tag="650" ind1=" " ind2="4">
   <subfield code="a">System design.</subfield>
  </datafield>
  <datafield tag="655" ind1=" " ind2="4">
   <subfield code="a">Electronic books.</subfield>
  </datafield>
  <datafield tag="852" ind1=" " ind2=" ">
   <subfield code="a">INST</subfield>
   <subfield code="b">UNIPILB</subfield>
   <subfield code="c">EBOOKS</subfield>
   <subfield code="e">20140627</subfield>
   <subfield code="p">00b47695</subfield>
   <subfield code="q">00b47695</subfield>
   <subfield code="t">ONLINE</subfield>
   <subfield code="y">0</subfield>
  </datafield>
  <datafield tag="856" ind1="4" ind2="0">
   <subfield code="3">ScienceDirect</subfield>
   <subfield code="u">http://www.sciencedirect.com/science/book/9780122374616</subfield>
  </datafield>
  <datafield tag="856" ind1="4" ind2=" ">
   <subfield code="d">/webopac/covers/03/47695_0122374614.jpg</subfield>
   <subfield code="z">(print)</subfield>
  </datafield>
  <datafield tag="856" ind1="4" ind2=" ">
   <subfield code="d">/webopac/covers/03/47695_9780122374616.jpg</subfield>
   <subfield code="z">(print)</subfield>
  </datafield>
  <datafield tag="856" ind1="4" ind2=" ">
   <subfield code="d">/webopac/covers/03/47695_9780080470139.jpg</subfield>
   <subfield code="z">(electronic book)</subfield>
  </datafield>
  <datafield tag="856" ind1="4" ind2=" ">
   <subfield code="d">/webopac/covers/03/47695_0080470130.jpg</subfield>
   <subfield code="z">(electronic book)</subfield>
  </datafield>
 </record>
</collection>
